| 000 | 00484nam a22001697a 4500 | ||
|---|---|---|---|
| 003 | OSt | ||
| 005 | 20260305082238.0 | ||
| 008 | 260112b |||||||| |||| 00| 0 eng d | ||
| 020 | _a9780451528162 | ||
| 040 |
_aDWCL-Main Lib _cOC |
||
| 082 | _aRes. B162m c1962 | ||
| 100 | _aBaines, Keith | ||
| 245 |
_aMalory's Le Morte d' Arthur : _bKing Arthur and the round table |
||
| 260 |
_aUSA: _bSignet Classic, _cc1962. |
||
| 300 |
_axx, 512 pages. : _c18 cm. |
||
| 942 |
_2ddc _cBK-0 CIRC _n0 _mRes. |
||
| 999 |
_c7280 _d7280 |
||